Vista normal
Vista MARC
Entrada Materia (geográfica)
Número de registros utilizados en: 1
001 - CONTROL NUMBER
- control field: 165707
003 - CONTROL NUMBER IDENTIFIER
- control field: Co-BoUCM
005 - DATE AND TIME OF LATEST TRANSACTION
- control field: 20211111081025.0
008 - FIXED-LENGTH DATA ELEMENTS
- fixed length control field: 211111|| aca||aabn | a|a d
040 ## - CATALOGING SOURCE
- Original cataloging agency: Co-BoUCM
- Transcribing agency: Co-BoUCM
151 ## - HEADING--GEOGRAPHIC NAME
- Geographic name: Burundi (África Oriental)
- General subdivision: Historia
- Chronological subdivision: 1993-
670 ## - SOURCE DATA FOUND
- Source citation: Work cat.: (Co-BoUCM)63177: Uvin, Peter 1962- 165705, Life after violence a people's story of Burundi, 2009